|
|
|
|
| LEADER |
00000nam a22000007a 4500 |
| 005 |
20170704234151.0 |
| 007 |
cr|||| |||| |
| 008 |
170704s2008 mx |||||s|||| 00||0 spa d |
| 020 |
|
|
|a 978-968-5447-91-1
|
| 035 |
|
|
|a 20297
|
| 040 |
|
|
|a vLex
|
| 090 |
|
|
|c 6808
|d 6808
|
| 245 |
0 |
2 |
|a El Partido de la Revolucin̤ Democrt̀ica PRD
|h [Recurso electrn̤ico] /
|
| 256 |
|
|
|a Servicio en ln̕ea
|
| 260 |
|
|
|a Mx̌ico DF:
|b Nostra Ediciones,
|c 2008
|
| 300 |
|
|
|a 1 recurso electrn̤ico
|
| 500 |
|
|
|a En este ensayo se examina, de manera sencilla y detallada, el partido de izquierda ms̀ importante en la polt̕ica mexicana. Se hace el recuento de sus org̕enes y principios doctrinales; se analiza su situacin̤ actual, con ňfasis en el papel que juega como organizacin̤ polt̕ica representante de las minora̕s del pas̕.
|
| 506 |
1 |
|
|a Disponible solo en los productos indicados
|d vLex Global
|d vLex Global (Academic Edition, excluding Law Schools)
|d vLex Global (U.S. Academic Edition, Law Schools)
|d vLex Global (U.S. Academic Edition, excluding Law Schools)
|d vLex Global (Academic Edition, Law Schools)
|
| 650 |
0 |
4 |
|a Derecho Constitucional
|z Mx̌ico
|
| 740 |
0 |
|
|a vLex Libros (Servicio en ln̕ea)
|
| 856 |
4 |
0 |
|u http://vlex.com/source/partido-de-la-revolucion-democratica-prd-20297
|z Acceso restringido
|
| 942 |
|
|
|c BOOK
|
| 999 |
0 |
|
|a Constitutional right
|